Statistics for Countries George S. Patton visited

Click here to take the quiz!

General Stats

  • This quiz has been taken 40 times
  • The average score is 9 of 12

Answer Stats

ContinentCountry% Correct
EuropeFrance
100%
EuropeGermany
100%
EuropeItaly
94%
EuropeBelgium
91%
North AmericaUnited States of America
91%
North AmericaMexico
88%
EuropeUnited Kingdom
85%
AfricaMorocco
76%
AfricaTunisia
73%
EuropeLuxembourg
70%
EuropeSweden
36%
EuropeCyprus
21%

Score Distribution

Percentile by Number Answered

Percent of People with Each Score

Your Score History

You have not taken this quiz